LIBRARY & INFORMATION CENTRE, KCAET, TAVANUR

ONLINE PUBLIC ACCESS CATALOGUE (OPAC)

Integrated water use management / (Record no. 10831)

MARC details
000 -LEADER
fixed length control field 00515cam a2200217ua 4500
041 ## - LANGUAGE CODE
Language code of text/sound track or separate title eng
082 ## - DEWEY DECIMAL CLASSIFICATION NUMBER
Classification number 627.02
Item number GUP/IN
100 ## - MAIN ENTRY--AUTHOR NAME
Personal name Gupta, N L .
245 ## - TITLE STATEMENT
Title Integrated water use management /
250 ## - EDITION STATEMENT
Edition statement 1 /
260 ## - PUBLICATION, DISTRIBUTION, ETC. (IMPRINT)
Place of publication New Delhi :
Name of publisher Rawat Publications.
300 ## - PHYSICAL DESCRIPTION
Number of Pages 382 ; .
500 ## - GENERAL NOTE
General note * CSS
700 1# - ADDED ENTRY--PERSONAL NAME
Personal name Gurjar, R K .
942 ## - ADDED ENTRY ELEMENTS (KOHA)
Koha item type Books
Holdings
Withdrawn status Lost status Damaged status Home library Current library Shelving location Date acquired Full call number Accession Number Koha item type
      KAUAET KAUAET Scheme 14/09/2018 627.02 GUP/IN 18500 Book Bank scheme for SC students
      KAUAET KAUAET Scheme 14/09/2018 627.02 GUP/IN 18519 Book Bank scheme for SC students
free website counter